| 000 | 00395 a2200145 4500 | ||
|---|---|---|---|
| 999 |
_c4743 _d4743 |
||
| 020 | _a0340738235 | ||
| 050 | _aQA 75.5 BRI 1998 | ||
| 100 |
_aBride, Mac _eauthor |
||
| 245 |
_aWindows 98/ _cMac Bride |
||
| 264 |
_aLondon : _bHodder & Stoughton _c1998 |
||
| 300 |
_aviii. 214p. : _bill. |
||
| 500 | _aIncludes index | ||
| 650 | _aMicrosoft Windows -- Computer file | ||
| 942 |
_2lcc _cBK _h75.5 _iBRI _kQA |
||